000 00960nam a2200277 a 4500
001 000020768
003 DO-SdBNP
005 20240927073747.0
008 100817s2001 dr 001 0 spa d
020 _a9993484687
040 _aDO-SdBNP
_bspa
_cBNPHU
082 _a070.442
_bC112m
100 1 _aCaba, Pedro,
_d1945-
_943532
245 1 0 _aMemos a Balaguer /
_cPedro Caba ; presentación Ramón Lorenzo Perelló.
260 _aSanto Domingo :
_bTaller,
_c2001.
300 _a2 v. ;
_c23 cm.
500 _aIncluye índice onomástico
505 0 _a632 reportajes confidenciales al presidente Balaguer 1991-1996.
590 _aInventariado,2018/DG
600 1 0 _a Balaguer, Joaquín,
_d1906-2002
_976556
650 1 4 _aGobierno y prensa
_zRepública Dominicana
_943533
651 1 4 _aRepública Dominicana
_xCondiciones económicas
_9281
700 1 _aPerelló, Ramón Lorenzo
_912381
910 _aValidado. Control de calidad MMOLINA
942 _2ddc
_cLBS1
999 _c20272
_d20272